[Event "Linares zt"]
[Site "Linares"]
[Date "1995.??.??"]
[Round "2"]
[White "Berend, Fred"]
[Black "Van der Wiel, John"]
[Result "1/2-1/2"]
[WhiteElo "2415"]
[BlackElo "2545"]
[Annotator "Donev,I"]
[PlyCount "64"]
[EventDate "1995.11.??"]
[EventType "swiss"]
[EventRounds "11"]
[EventCountry "ESP"]
[SourceTitle "CBM 051"]
[Source "ChessBase"]
[SourceDate "1996.04.01"]
[SourceVersion "1"]
[SourceVersionDate "1996.04.01"]
[SourceQuality "1"]

1. e4 c5 2. Nc3 Nc6 3. g3 g6 4. Bg2 Bg7 5. d3 d6 6. f4 e6 7. Nf3 Nge7 8. O-O
O-O 9. Be3 Nd4 10. e5 $1 {Eine Schlüsselidee im geschlossenen Sizilianer. a)
Räumt das Feld e4 für den Nc3, um c2-c3 vorzubereiten. b) Befreit die lange
Diagonale n1-a8 für den Bg2. c) Sperrt den gegnerischen Läufer g7 ein.} Nef5
11. Bf2 Nxf3+ 12. Qxf3 Nd4 13. Qd1 dxe5 14. fxe5 Bxe5 15. Ne4 f5 16. Nxc5 Qd6
17. Na4 {Eine verzweifelte Neuerung. Mir scheint es besser, den Springer auf
c5 mit b4 zu unterstützen von wo er einen unangenehmen Druck auf die schwarzen
schwachen Bauern b7 und e6 ausübt, statt freiwillig an den Rand zu gehen!
Bisher sind zwei folgende logische Fortsetzungen bekannt:} (17. b4 {Das Beste!}
) (17. Nb3 {Führt zu einer Stellung in der Weiß für den geopferten Bauer genug
Kompensation erhielt.} Nxb3 18. axb3 Bxb2 19. Ra4 $44) 17... Rd8 $2 {Erlaubt
dem Anziehenden, die schwarzen Leichtfiguren mit Tempo anzugreifen und Raum im
Zentrum zu besetzen. Es ist besser für den Nachziehenden eine Initiative am
Königsflügel zu entwickeln. z.B:} (17... f4 $142 $1 18. c3 (18. gxf4 Bxf4 19.
h3 Bd7 $15) 18... f3 19. cxd4 (19. Bh3 Ne2+ 20. Kh1 b6 $15) 19... fxg2 20. Kxg2
Bxd4 21. Bxd4 Rxf1 22. Qxf1 Qxd4 23. Nc3 Bd7 $15 {/\Bc6}) 18. c3 Nc6 19. d4 Bg7
20. b4 $14 {Man merkt den Nachteil vom 17-ten schwarzen Turmzug. Weiß hat
bequemes Spiel im Zentrum und am Damenflügel bekommen.} Ne7 (20... e5 $6 21. b5
Ne7 22. dxe5 Bxe5 23. Qe2 $16 {/\Rad1}) 21. Qb3 Rb8 {Der schwache Bauer b7 ist
gedeckt um Bc8 zu befreien.} 22. Rae1 b6 23. Nb2 (23. Be3 $1 {[%csl Re5,Rg5]
[%cal Ye3f4,Yf4b8,Yf4g5] Es ist gut den schlechten Läufer (im Vergleich mit
Bg2) zu aktivieren, statt die undankbare Arbeit den eigenen Bauern d4 zu
decken dadurch bekommt er die bessere Perspektive auf den abgeschwächten
schwarzen Feldern.} Nd5 24. Bg5 Rd7 (24... Rf8 25. Bxd5 (25. Nb2 Nxc3 $1 $17)
25... Qxd5 26. Qxd5 exd5 27. Be7 Re8 28. Bd6 $14) 25. Nb2 Bb7 (25... Nxc3 26.
Rxe6 $18) 26. Nc4 $16) 23... h6 24. Re2 {Warum nicht der Springer mit Tempo
ins Zentrum zu bringen?} (24. Nc4 $1 Qc7 25. Ne5 $16 {[%csl Ge5]} b5 $5) 24...
Kh7 25. Nd3 (25. Nc4 $142 $1 {/\Ne5}) 25... g5 26. Rfe1 Ng6 27. g4 (27. Ne5 {
zu spät.} Nxe5 28. dxe5 Qe7 $15 {/\Bb7}) 27... Rf8 28. Rxe6 $5 Bxe6 29. Rxe6 {
Das Läuferpaar und der Mehrbauer sind genügend Kompensation für das
Qualitätssopfer.} Qd7 30. Bc6 Qf7 31. h3 $2 {Schade. Nach dem richtigen Zug
gf5 könnte Weiß seine Vorteil behalten.} (31. gxf5 $1 {Öffnet die Diagonale
b1-h7.} Ne7 (31... Nf4 32. Nxf4 gxf4 33. Be4 $16) (31... Qxf5 32. Be4 Qg4+ 33.
Bg3 Rf6 34. Bxg6+ Rxg6 35. Rxg6 Kxg6 36. Nf2 $16 {Und der Turm b8 geht
verloren.}) 32. Be4 Nxf5 33. Ne5 Bxe5 34. Rxe5) 31... Ne7 32. Bg2 Rbc8 $15
1/2-1/2

[Event "Akureyri"]
[Site "Akureyri"]
[Date "1994.??.??"]
[Round "?"]
[White "Berg, Klaus"]
[Black "De Firmian, Nick E"]
[Result "1-0"]
[WhiteElo "2440"]
[BlackElo "2580"]
[Annotator "Donev,I"]
[PlyCount "74"]
[EventDate "1994.02.??"]
[EventType "tourn"]
[EventRounds "11"]
[EventCountry "ISL"]
[EventCategory "10"]
[SourceTitle "CBM 040"]
[Source "ChessBase"]
[SourceDate "1994.06.01"]
[SourceVersion "1"]
[SourceVersionDate "1994.06.01"]
[SourceQuality "1"]

1. e4 c5 2. Nc3 d6 3. g3 Nc6 4. Bg2 g6 5. d3 Bg7 6. f4 e5 7. Nh3 Nge7 (7... Nh6
$6 8. f5 $1 gxf5 9. Bg5 Ne7 (9... f6 $2 10. Bxh6 Bxh6 11. Qh5+ $18) 10. Qh5 (
10. Nd5 Nhg8 11. O-O $16) 10... Nhg8 11. O-O h6 12. Bxe7 Qxe7 13. Nd5 Qd8 14.
exf5 Nf6 15. Nxf6+ Bxf6 16. Bd5 Qe7 17. Rae1 (17. Nf2 $5) 17... Rb8 18. Nf2 (
18. c3 $1 Bd7 19. d4 Bc6 20. dxe5 dxe5 21. Nf4 $16) (18. Nf4 $5) 18... Bd7 19.
Ne4 Rh7 (19... Bc6 $2 20. Bxf7+ $1 Kf8 21. Be6 $18) 20. g4 (20. c3 $1 Bc6 21.
Bxc6+ bxc6 22. d4 $1 cxd4 23. cxd4 Rxb2 24. dxe5 dxe5 25. Rb1 Rxb1 26. Rxb1 $18
) (20. c4 Bc6 21. Nc3 {/\Re4}) 20... Bc6 21. g5 $16 {Donev,I-Tolnai,T/
Liechtenstein op/1993/}) 8. O-O Nd4 9. f5 gxf5 10. Qh5 h6 11. Rf2 Be6 12. Be3
Qd7 (12... Ng8 $5 13. exf5 $2 (13. Bxd4 $1 $10) 13... Nf6 14. Qd1 Nxf5 $17) 13.
Raf1 O-O-O 14. Nd5 f6 $5 $146 (14... fxe4 15. Nxe7+ Qxe7 16. Bxd4 cxd4 17. Rxf7
$1 $16 {Spassky,B-Hort,V Bugojno 1978}) 15. Nxe7+ Qxe7 16. exf5 Bf7 17. Qd1 d5
18. c3 (18. b4 cxb4 19. Bxd4 exd4 20. Qg4 Rhg8 (20... h5 $2 21. Qxg7 Rdg8 22.
Re2 $3 Qxe2 23. Qxf7 $16) 21. Qxd4 $16) 18... Nc6 19. Qa4 Kb8 (19... d4 $5 20.
cxd4 (20. Bxc6 $2 dxe3 $19) 20... cxd4 21. Bd2 Bd5 $10 {/\h6,Bh6}) 20. b4 cxb4
(20... d4 21. cxd4 cxd4 22. Bd2 Qd7 $14 {/\Bd5}) 21. Rb1 $36 Qd7 22. Rxb4 (22.
cxb4 d4 23. Bc1 Bd5 $13) 22... Qc7 (22... Nxb4 23. Qxa7+ Kc8 24. Qa8+ Kc7 25.
Qa5+ Kc8 (25... Kc6 $4 26. Qb6#) 26. Qa8+ Kc7 27. Qa5+) 23. Rfb2 Nxb4 24. Qxa7+
Kc8 25. Rxb4 $44 Rd6 {/\Ra6} 26. Bb6 $1 (26. Qa8+ Qb8 $17) 26... Qb8 27. Qa5
Bf8 28. c4 (28. Rb5 $5) 28... dxc4 29. Nf2 Rh7 (29... cxd3 30. Ba7 $1 Qa8 (
30... Ra6 31. Qxa6 Bxb4 32. Qxf6 $16) 31. Bxb7+ Qxb7 32. Rxb7 Kxb7 33. Bc5 $1
$18) 30. Ba7 $16 (30. Qc5+ Kd7 31. Ba7 $16) 30... Ra6 31. Qxa6 (31. Rxb7 Rxa5
32. Rxb8+ Kc7 33. Rb7+ Kc8 34. Rb8+ Kc7 $10) 31... Bxb4 32. Qb6 Qd6 $2 (32...
Qa8 $1) 33. Qxb7+ $18 Kd8 34. Ne4 $1 Qd7 35. Qb8+ Qc8 36. Bb6+ Kd7 37. Nxf6+
Ke7 1-0

[Event "Olomouc AZ Sanace Cup"]
[Site "Olomouc"]
[Date "1998.08.08"]
[Round "1"]
[White "Betko, Lubomir"]
[Black "Kalod, Radek"]
[Result "0-1"]
[WhiteElo "2300"]
[BlackElo "2435"]
[Annotator "Donev,I"]
[PlyCount "158"]
[EventDate "1998.08.08"]
[EventType "tourn"]
[EventRounds "9"]
[EventCountry "CZE"]
[EventCategory "10"]
[SourceTitle "CBM 067"]
[Source "ChessBase"]
[SourceDate "1998.11.30"]
[SourceVersion "2"]
[SourceVersionDate "1998.11.01"]
[SourceQuality "1"]

1. e4 c5 2. Nc3 Nc6 3. g3 g6 4. Bg2 Bg7 5. d3 d6 6. Nh3 Nf6 7. O-O O-O 8. f3
Rb8 9. Be3 b5 10. Qd2 b4 11. Ne2 d5 {Weiß hat die Eröffnung ohne große
Ambitionen gespielt, und nach diesem Zug steht der Nachziehende angenehmer.}
12. Nf2 (12. Bxc5 dxe4 13. fxe4 Bxh3 14. Bxh3 Nxe4 {[%cal Ye4d2,Ye4c5]} 15. Qe3
$8 Nxc5 16. Qxc5 Nd4 $1 $17) 12... d4 {Ein sehr verantwortlicher Zug.
Vielleicht währe es besser das Zentrum nicht zuzumachen, sondern die Spannung
aufrecht zu behalten:} (12... Qd6 $142 $1) 13. Bg5 a5 14. f4 Rb6 15. h3 h6 16.
Bh4 Nh7 17. g4 Ba6 18. b3 $1 $14 {[%mdl 32] Das frühe zusperren des Zentrums
war für Weiß ein gefallen, so hat der Anziehende bessere Chancen auf einen
Angriff am Königsflügel. Außerdem ist es für Schwarz sehr schwer Gegenspiel am
Damenflügel zu bekommen.} Bb7 19. a4 $1 bxa3 20. Rxa3 Ra6 21. Nd1 {[%csl Gc4]
[%cal Yd1b2,Yb2c4] Es ist immer gut wenn man eine schlecht stehende Figur auf
ein starkes Feld überführen kann.} Nb4 22. Nb2 Qc7 23. Nc4 Rfa8 24. Rfa1 {
[%csl Ra5,Rc5] Der weiße Vorteil wir immer größer. Es ist klar das die weiße
Bauernstruktur besser ist. Am Damenflügel hat der Anziehende nur einen
schwachen Bauer c2, Schwarz hat hingegen zwei Schwächen - die Bauern c5 und
ganz besonders a5.} Nf6 25. f5 Ne8 26. Bg3 Qd8 27. fxg6 fxg6 28. Nf4 Nd6 29.
Nxd6 Rxd6 30. e5 $1 {[%cal Re5d6,Rg2b7]} Rb6 31. Bxb7 Rxb7 32. Nxg6 $16 Ra6 33.
Nh4 $6 (33. e6 $142 $1 {[%cal Yg3b8] Nach diesem starken Zug könnte Weiß
seinen Vorteil behauten.} Qd5 (33... Rxe6 34. Rxa5 {/\Ra8} Re3 35. Kh2 Qd5 36.
Ra8+ $18) 34. Rxa5 Rxa5 35. Rxa5 Qxe6 36. Nf4 $16) 33... e6 34. Rf1 (34. Ng2
Qc7 35. Bf4 Kh7 36. Qe2 $16) 34... Qg5 35. Qg2 Rc7 36. Raa1 Nd5 37. Nf5 $1 Rd7
38. Nxg7 $6 {Vor dem Abtausch sollte Weiß seine Läufer aktivieren.} (38. Bh4
$142 $1 Qg6 39. Nxg7 Rxg7 40. Qf3 $16 h5 (40... Ra8 41. Kh2) 41. Qf8+ Kh7 42.
Rf6 Nxf6 43. Bxf6 $16) 38... Rxg7 39. Qf3 Ra8 (39... Qe3+ 40. Kh2 Qxf3 41. Rxf3
a4 42. bxa4 Rga7 {/\Ra4}) 40. Kh2 Kh8 41. Bf4 Qh4 42. Qg3 Qxg3+ 43. Kxg3 Kh7
44. Bd2 Rga7 45. Ra4 Kg6 46. Rfa1 Rf7 47. Rxa5 Raf8 48. Rxc5 $2 {Nach diesem
Fehler ist es aus mit dem weißen Vorteil. Viel stärker war:} (48. Ra6 $142 $1
Rf3+ (48... Nc7 49. Rc6 Rf2 50. Be1 R8f3+ 51. Kh4 Rh2 52. Bg3 $18) 49. Kh4 Re8
(49... Kf7 50. Ra7+ Kg8 (50... Kg6 51. R1a6 $18) 51. Bxh6 $18) (49... Rf2 50.
Be1 $18) 50. Rc6 $18) 48... Rf2 $1 49. Ra6 R8f3+ (49... Rxd2 50. Rxd5 $18) 50.
Kh4 Rh2 {[%cal Yh2h3,Yh2d2]} 51. Rxe6+ Kf7 {[%cal Yf7e6,Yh2h3] Schwarz droht
einerseits Kxe6 und andererseits Rh3 Matt.} 52. Rxh6 Rfxh3+ 53. Kg5 Rxh6 54.
Rxd5 Rg6+ 55. Kf5 Rxd2 56. Rd7+ Ke8 57. e6 $6 (57. Rxd4 $142 Rc6 58. c4 {
Weiß hat Remischancen.}) 57... Rh6 $17 58. g5 Rf2+ 59. Ke5 Re2+ 60. Kxd4 Rhxe6
61. Rc7 Rd6+ 62. Kc3 Kd8 63. Rc5 Kd7 {Wenn Schwarz einen Turm tauscht ist die
Stellung leichter zu gewinnen. Es droht Rc6.} 64. Kb4 Rb6+ 65. Ka3 Rc6 66. Rd5+
Ke6 67. c4 Rd6 $1 $19 {Jetzt ist es vorbei, die weiße Stellung ist nicht mehr
zu retten.} 68. Rxd6+ Kxd6 69. Kb4 Rg2 70. Kb5 Rxg5+ 71. Kb6 Rg3 72. b4 Rxd3
73. c5+ Kd7 74. b5 Rc3 75. c6+ Kc8 76. Ka7 Kc7 77. b6+ Kxc6 78. b7 Ra3+ 79. Kb8
Kb6 0-1

[Event "RUS-Cup01 Chigorin Memorial"]
[Site "St Petersburg"]
[Date "1997.11.05"]
[Round "5"]
[White "Orlov, Andrey"]
[Black "Lerner, Konstantin Z"]
[Result "1/2-1/2"]
[WhiteElo "2380"]
[BlackElo "2560"]
[Annotator "Donev,I"]
[PlyCount "120"]
[EventDate "1997.11.01"]
[EventType "swiss"]
[EventRounds "9"]
[EventCountry "RUS"]
[SourceTitle "CBM 062"]
[Source "ChessBase"]
[SourceDate "1998.01.31"]
[SourceVersion "1"]
[SourceVersionDate "1998.01.31"]
[SourceQuality "1"]

1. e4 c5 2. Nc3 Nc6 3. g3 g6 4. Bg2 Bg7 5. d3 d6 6. Be3 e5 7. Qd2 Nge7 8. f4
O-O 9. Nf3 Nd4 10. O-O Bg4 11. Nh4 Qd7 12. Rf2 f6 13. fxe5 (13. Raf1 $142)
13... dxe5 14. Nb1 b6 15. c4 {Ein sehr verpflichtender Zug. Der Nachteil: Weiß
gibt für immer das Feld d4 auf. Der Vorteil: er kontrolliert das Feld d5 wohin
der weiße Damenspringer strebt. Trotzdem kann Schwarz mit der Eröffnung
zufrieden sein. Er hat einen sehr starken Springer im Zentrum und seine
Figuren sind besser plaziert.} (15. Na3 Rad8 16. Raf1 g5 17. Nf3 Nec6 $15)
15... Rad8 {[%cal Yd8d3]} 16. Nc3 g5 $1 {Der schwarze Vorteil wird größer.} 17.
Nf3 Nxf3+ 18. Bxf3 Bxf3 19. Rxf3 Qxd3 20. Qxd3 Rxd3 21. g4 $1 {Einzige kleine
Kompensation für den weißen Minusbauern ist der gute Läufer auf e3. Sein
Kollege auf g7 ist sehr passiv.} Nc8 22. Kf2 Nd6 {[%cal Yd6c4,Yd6e4]} 23. Ke2
Rxc3 $1 24. bxc3 Nxe4 25. Bg1 Rd8 $17 {Schwarz hat klaren Vorteil: Springer
und zwei Bauern für den Turm, bessere Bauernstruktur - zwei Bauerninseln gegen
drei weiße Bauerninseln mit schwachem Doppelbauern. Der Anziehende kann nicht
mit den Türmen auf der einzigen offenen d-Linie eindringen.} 26. Rd3 Rxd3 27.
Kxd3 Nd6 28. a4 h5 29. h3 (29. gxh5 f5 $17) 29... hxg4 30. hxg4 Kf7 31. a5 e4+
32. Kc2 (32. Ke3 f5 $1 33. gxf5 Bxc3 $19) 32... Nxc4 33. a6 $6 (33. axb6 $142
axb6 34. Ra4 b5 (34... Ne5 35. Rxe4 f5 36. gxf5 Kf6 37. Re2 $15) 35. Ra7+ Kg6
36. Bxc5 Ne5 37. Re7 $15) 33... Bf8 $6 (33... Ke6 $5 34. Rd1 Ne5 $17) 34. Re1
Bd6 (34... Nd6 35. Bh2 Ke6 36. Bxd6 Bxd6 37. Rxe4+ Be5 38. c4 $1 f5 39. gxf5+
Kxf5 40. Kd3) 35. Rxe4 Na3+ 36. Kd3 $11 Nb5 37. Re2 Nc7 38. Bh2 Bxh2 39. Rxh2
Nxa6 40. Rh7+ Ke6 41. Rxa7 Nb8 42. Ke4 Nd7 43. Ra6 Kd6 44. Ra1 Ke6 45. Rb1 Kd6
46. Kf5 Ke7 47. Re1+ Kd6 48. Re4 b5 49. Re2 Ne5 50. Rg2 $11 (50. Kxf6 Nxg4+ 51.
Kf5 Nh6+ 52. Kxg5 Ng8 53. Rd2+ Kc6 54. Kf5 $11) 50... Ke7 (50... Kd5 51. Kxf6
$16) 51. Rb2 Nc4 52. Re2+ Ne5 53. Ra2 b4 54. cxb4 cxb4 55. Rb2 $14 (55. Ra6 Nd7
56. Ra7 Kd6 57. Rb7 Kc6 58. Rxb4 Kd5 59. Rb2 $16) 55... Nc6 56. Rb1 Kf7 57. Ra1
b3 58. Rb1 Nd4+ 59. Ke4 Ne6 60. Kd5 Nf4+ {Eine interessante Partie in der
Schwarz die Eröffnung und das Mittelspiel sehr gut gespielt und das Endspiel
sehr gut verteidigt hat.} 1/2-1/2

[Event "FRA-ch Final stage"]
[Site "Besancon"]
[Date "1999.08.24"]
[Round "1.5"]
[White "Koch, Jean Rene"]
[Black "Lautier, Joel"]
[Result "1/2-1/2"]
[WhiteElo "2510"]
[BlackElo "2638"]
[Annotator "Donev,I"]
[PlyCount "92"]
[EventDate "1999.08.23"]
[EventType "k.o."]
[EventRounds "2"]
[EventCountry "FRA"]
[SourceTitle "CBM 073"]
[Source "ChessBase"]
[SourceDate "1999.12.01"]
[SourceVersion "1"]
[SourceVersionDate "1999.12.01"]
[SourceQuality "1"]

1. e4 c5 2. Nc3 Nc6 3. g3 g6 4. Bg2 Bg7 5. d3 d6 6. f4 e6 7. Nf3 Nge7 8. O-O
O-O 9. Be3 Nd4 10. e5 Nef5 11. Bf2 Nxf3+ 12. Qxf3 Nd4 13. Qd1 dxe5 14. fxe5
Bxe5 15. Ne4 f5 (15... Qc7 16. c3 Nf5 17. Bxc5 Rd8 18. Qf3 Nd6 19. Bxd6 Bxd6
20. d4 Rf8 (20... Bf8 21. Ng5 (21. Nf6+ Kh8 22. Ng4) 21... Rd7 22. Nxe6) 21.
Nf6+ Kg7 22. Rae1 Be7 (22... Rb8 23. Re4 b6 24. Rh4 Rh8 (24... h6 25. Qe3 g5 (
25... Rh8 26. Ne8+) 26. Qxg5+ hxg5 27. Rh7+ Kg6 28. Be4#) 25. Rxh7+) 23. Ne8+)
16. Nxc5 f4 17. c3 (17. gxf4 Bxf4 18. Ne4 Nf5 19. Bc5 e5 20. Qe1 Rf7 21. Nc3
Rc7 22. Rxf4 Rxc5 23. Rf2 Be6 24. b4 Rc7 25. Qxe5 Bf7 26. Nd5 Rc6 27. Rxf5)
17... f3 18. cxd4 (18. Bh3 Ne2+ 19. Kh1 Qg5 20. Qa4 Qh6 21. Qh4 Qxh4 22. gxh4
Nf4 23. Bg4 b6 24. d4 bxc5 25. dxe5 Bb7 26. Rfd1 h5 27. Rd7 Be4 28. Re1 hxg4
29. Rxe4 Nh3) 18... fxg2 19. Kxg2 Bxd4 20. Bxd4 (20. Qb3 Rxf2+ 21. Rxf2 Bxc5)
20... Rxf1 21. Qxf1 Qxd4 22. Qf2 Qxf2+ (22... e5 23. Qxd4 exd4 24. Nb3 Bf5) 23.
Kxf2 b6 24. Ne4 Ba6 25. Ke3 Rc8 26. Nc3 Rd8 27. d4 Kg7 28. Rc1 Rc8 29. Rc2 Kf7
30. Rf2+ Ke7 31. h4 Bb7 32. a3 Rd8 33. Ne2 e5 34. dxe5 Rd5 35. Nc3 Rxe5+ 36.
Kd4 Re6 37. Re2 Rxe2 38. Nxe2 Ke6 39. Nf4+ Kf5 40. Ke3 h6 41. Ne2 g5 42. hxg5
hxg5 43. Nc3 Bc6 44. Nd1 Kg4 45. Kf2 Kf5 46. Ke3 Kg4 1/2-1/2